Agricultural biotechnology for developing countries : results of an electronic forum

Main Author: Ruane, John
Corporate Author: Food and Agriculture Organization of the United Nations
Other Authors: Zimmermann,
Language:English
Published: Rome: Food and Agriculture Organization of the United Nations, 2001.
Subjects:
LEADER 00755cam a2200181 7i4500
001 0000036829
005 20171005090000.0
008 171005s2001 it eng
020 # 0 |a 9251047022  
090 0 0 |a S 494.5 .B563   |b R8 2001 
100 1 # |a Ruane, John  
245 1 0 |a Agricultural biotechnology for developing countries :   |b results of an electronic forum   |c John Ruane and Maria Zimmermann. 
260 # # |a Rome:   |b Food and Agriculture Organization of the United Nations,   |c 2001. 
300 # # |a viii, 111 p.;   |c 30 cm.. 
650 0 0 |a Agricultural biotechnology --   |x Congresses --   |z Developing countries  
700 1 1 |a Zimmermann,   |h Maria  
710 2 1 |a Food and Agriculture Organization of the United Nations  
999 |a 1100041287  |b Book  |c Open Shelf  |e KOLEKSI TERBUKA